| 000 | 00649nam a22001937a 4500 | ||
|---|---|---|---|
| 005 | 20250820113053.0 | ||
| 010 | _aENG-146483 | ||
| 020 |
_a9789360391942 _c1.00 |
||
| 035 | _aEN-130015 | ||
| 037 | _bDBAD | ||
| 082 |
_a370.15 _21 |
||
| 100 |
_aSrinivas Kumar _984098 |
||
| 245 |
_aOrigin Of Psychology in Indian Peninsula/ _cSrinivas Kumar |
||
| 260 |
_aKolkata _bEastern Law House _c2025 |
||
| 260 |
_aAndhra Pradesh _bSchool of Education & HRD Dravidian Univerisity _c2025 |
||
| 270 |
_aSrinivasanam, Kuppam, Chittor District _bAndhra Pradesh _e517426 |
||
| 300 |
_aviii, 104p. _c20cm(pb) |
||
| 942 |
_2ddc _cEN _h370.15 _mSRI |
||
| 999 |
_c213025 _d213025 |
||